000 00761nam a2200217 a 4500
005 20210223123351.0
008 991125s1994 mx 000 0 spa u
020 _a9687381094
035 _aUPN01000052175
049 _aI
050 4 _aF1234
_bB8.7
100 1 _aBurr, Claudia
_933183
245 1 3 _aLa revolución a todo vapor /
_ctexto e iconografía Claudia Burr, Oscar Chávez y Ma. Cristina Urrutia.
260 _aMéxico :
_bSEP,
_bTecolote,
_c1994.
300 _a[32] p. :
_bil. col
440 0 _aLibros del rincón.
_pYa verás.
_pBiblioteca escolar
651 4 _aMEXICO -
_xHISTORIA -
_yREVOLUCION, 1910-1917 -
_vCUENTOS
_919878
700 1 _aChávez, Oscar,
_ecoaut.
700 1 _aUrrutia Martínez, María Cristina,
_ecoaut.
_936205
905 _aInfantil
999 _c52175
_d52175